00419nam a22001457a 450000500170000000800410001702200130005804100120007108200130008310000130009624500350010926000740014430000300021865000250024820240903064547.0240903b |||||||| |||| 00| 0 eng d a10246991 aEnglish a349 NAM  lEnglish  aThe Namibian Law Reports 2001  aWindhoek: bLegal Assistance Centre and Juta and Company Ltd, c2001  bxxv, 325 pages; c26 cm.  aLegal practice bLaw